000
00335nam a2200133Ia 4500
008
150301s2015 xx 000 0 und d
082
_a
615.4
_b
E12S
100
_a
SINHA, SHRADHA
245
2
_a
A TB OF ENVIRONMENT AND ECOLOGY FOR PHARMACY STUDENT
260
_b
AITBS DELHI
300
_a
256
650
_a
PHARMACY
942
_2
ddc
_c
BK
_0
15
999
_c
7271
_d
7271